| 000 | 00590 a2200217 4500 | ||
|---|---|---|---|
| 005 | 20260129110819.0 | ||
| 008 | 260128b |||||||| |||| 00| 0 eng d | ||
| 020 |
_a9789359776538 _cRs. 2195.00 |
||
| 040 | _aMAIN | ||
| 082 |
_a158.3 _bF177C |
||
| 100 | _aFaizee, Mohammad | ||
| 245 | _aComprehensive guide to counseling psychology | ||
| 260 |
_bThe Readers Paradise _c2024 _aNew Delhi |
||
| 300 | _a312 | ||
| 440 | _aReadings in psychology | ||
| 650 | _aPsychology | ||
| 650 | _aCounselling Psychology | ||
| 650 | _aApplied Psychology | ||
| 700 | _aHusain, Akbar | ||
| 942 | _cBK | ||
| 999 |
_c393692 _d393692 |
||